Khảo sát thành phần hóa học của trái mãng cầu xiêm (Annona muricata L.) : Luận văn tốt nghiệp Cao học. Chuyên ngành Hóa hữu cơ

Đề tài định tính các nhóm hợp chất có trong cơm trái mãng cầu xiêm, đánh giá hoạt tính kháng oxi hóa ở mức độ in vitro của các cao chiết từ cơm trái mãng cầu xiêm, nghiên cứu chiết tách, phân lập và xác định cấu trúc hóa học một số hợp...

ver descrição completa

Na minha lista:
Detalhes bibliográficos
Autor principal: Trương, Văn Giang
Formato: Livro
Idioma:Undetermined
Publicado em: Cần Thơ Trường Đại học Cần Thơ 2015
Assuntos:
Tags: Adicionar Tag
Sem tags, seja o primeiro a adicionar uma tag!
Thư viện lưu trữ: Trung tâm Học liệu Trường Đại học Cần Thơ
LEADER 01278nam a2200217Ia 4500
001 CTU_205787
008 210402s9999 xx 000 0 und d
082 |a 615.321 
082 |b Gi106 
088 |a 60440114 
100 |a Trương, Văn Giang 
245 0 |a Khảo sát thành phần hóa học của trái mãng cầu xiêm (Annona muricata L.) : 
245 0 |b Luận văn tốt nghiệp Cao học. Chuyên ngành Hóa hữu cơ 
245 0 |c Trương Văn Giang ; Nguyễn Thị Thu Thủy (Cán bộ hướng dẫn) 
260 |a Cần Thơ 
260 |b Trường Đại học Cần Thơ 
260 |c 2015 
520 |a Đề tài định tính các nhóm hợp chất có trong cơm trái mãng cầu xiêm, đánh giá hoạt tính kháng oxi hóa ở mức độ in vitro của các cao chiết từ cơm trái mãng cầu xiêm, nghiên cứu chiết tách, phân lập và xác định cấu trúc hóa học một số hợp chất từ cao n-hexane, cao ethyl acetate của cơm trái mãng cầu xiêm. 
650 |a Cây dược liệu,Medicinal plants 
904 |i Hải 
980 |a Trung tâm Học liệu Trường Đại học Cần Thơ